| 000 | 00820nam a2200205Ia 4500 | ||
|---|---|---|---|
| 003 | GCL | ||
| 008 | 140319s9999 xx 000 0 ara d | ||
| 020 | _a9032320977 | ||
| 040 |
_aGCL / _cGCL |
||
| 082 | 0 | 4 |
_a301.3673 _bب أ |
| 100 | 1 | _aبلاكيلى، ادوارد ج. | |
| 245 | 1 | 0 |
_aامريكا القلعة : _bالمجتمعات المغلقة فى الولايات المتحدة / _cبلاكيلى، ادوارد ج. |
| 250 | _aالاولى | ||
| 260 |
_aالقاهرة : _bمركز الاهرام للترجمة والنشر ، _c1999 |
||
| 300 |
_a254 ص ؛ _c24 سم |
||
| 650 | 0 | 4 | _aالولايات المتحدة الامريكية |
| 650 | 0 | 4 | _aالمجتمعات الحضرية |
| 650 | 0 | 4 | _aالمجتمعات المغلقة - الولايات المتحدة الامريكية |
| 942 |
_2ddc _cBK |
||
| 999 |
_c5611 _d5611 |
||